| 000 | 01569nam a2200409Ii 4500 | ||
|---|---|---|---|
| 001 | DIGCAR0817 | ||
| 003 | NyNyDIG | ||
| 006 | m o d | ||
| 007 | cr ||||||||||| | ||
| 008 | 130101s2010 sp obd 000 0 spa d | ||
| 020 | _z9788415021179 | ||
| 020 | _z8415021178 | ||
| 035 | _a(OCoLC)853442940 | ||
| 040 |
_aDGITA _beng _epn _cDGITA |
||
| 050 | 1 | 4 | _aPQ6323.A7 eBook |
| 100 | 1 | _aHernández Herrero, Juan. | |
| 245 | 1 | 0 |
_aLéxico español para lectores de Don Quijote de la Mancha : _brevisión del vocabulario con significados y comentarios / _cJuan Hernández Herrero. |
| 246 | 1 | 4 | _aLéxico de El Quijote. |
| 250 | _a1. ed. | ||
| 264 | 1 |
_aBarcelona : _bEdiciones Carena, _c2010. |
|
| 300 | _a1 online resource (199 pages) | ||
| 336 |
_atext _btxt _2rdacontent |
||
| 337 |
_acomputer _bc _2rdamedia |
||
| 338 |
_aonline resource _bcr _2rdacarrier |
||
| 490 | 1 |
_aEnsayo / Ediciones Carena ; _v017. |
|
| 504 | _aIncludes bibliographical references (p. 197-199). | ||
| 600 | 1 | 0 |
_aCervantes Saavedra, Miguel de, _d1547-1616. _tDon Quixote _vDictionaries. |
| 600 | 1 | 0 |
_aCervantes Saavedra, Miguel de, _d1547-1616 _xLanguage _vDictionaries. |
| 650 | 0 |
_aSpanish language _yClassical period, 1500-1700 _vDictionaries. |
|
| 655 | 0 | _aElectronic books. | |
| 791 | 2 |
_aDigitalia (Firm), _edistributor. |
|
| 830 | 0 |
_aEnsayo (Editorial Carena) ; _v017. |
|
| 793 | 0 |
_gDigitalia eBook Collection: _aEdiciones Carena. |
|
| 856 | 4 | 0 |
_3Digitalia Hispánica _uhttps://www.digitaliapublishing.com/a/8799/ |
| 910 | _aPremium Collection: 2007-2012 | ||
| 942 | _cRAA | ||
| 999 |
_c231941 _d231941 |
||